000 01186nam a2200349Ia 4500
001 dia_5466
003 CHAP
005 20240124180004.0
007 ta
008 220117s1989 mx fr 001 0 spa d
040 _cCHAP
_amxchpua
090 _aT.C.86
_bR36 SAI
_c1989
245 1 0 _aAnálisis de la avicultura del estado de Sonora /
_ccoordinador Favio Ramírez Sepúlveda ; colaboradores Arquímedes Morales Terán...[et al.]
260 _aMéxico :
_bEl autor,
_c1989
300 _a25 hojas
336 _2rdacontent
_atexto
_btxt
337 _2rdamedia
_asin medio
_bn
338 _2rdacarrier
_avolumen
_bnc
500 _a6º año
502 _aViaje de estudios
_b(SAI) --
_cUACh. Departamento de Ingeniería Agroindustrial,
_d1989
650 1 3 _aAvicultura
_9158688
_zMéxico
_zSonora
650 1 3 _aAviculture
_9158689
_zMexico
_zSonora
700 1 _aRamírez Sepúlveda, Marco Favio
_9150304
_ecoordinador
700 1 _aMorales Terán, Arquímedes
_978424
_ecolaborador
901 _aT.C.86 R36 SAI 1989
902 _aM
905 _a5332271989 mx n 8222223322spa16
942 _2local
942 _cVE
999 _c176385
_d176385